|
|
|
|
| LEADER |
00000nam a2200000 a 4500 |
| 001 |
vtls008349098 |
| 003 |
SK-MaSNL |
| 005 |
20260301164805.0 |
| 008 |
181127s1959 xo 000 hun |
| 015 |
|
|
|a SKSNBA1959/08-01294
|
| 035 |
|
|
|a SK01SNK19590041315
|
| 035 |
|
|
|a SKM000043778
|
| 040 |
|
|
|a SNK
|b slo
|c SNK
|e AACR2
|
| 041 |
1 |
|
|a hun
|h cze
|
| 044 |
|
|
|a xo
|c SK
|
| 080 |
|
|
|a 631.31:331.875(075.3)=945.11
|2 1981
|
| 080 |
|
|
|a 331.875(075.3)=945.11
|2 1981
|
| 130 |
1 |
|
|a Mechanisace zemědelství
|l Maďarsky
|9 532690
|
| 245 |
1 |
0 |
|a Mezőgazdasági géptan
|b a növénytermesztési-állattenyésztési szak mezőgazdasági tanonciskoláinak tananyaga
|c a mű ered. címe Mechanisace zemědelství ..., Praha 1958 írtak Zdeněk Hradil, Josef Kubále, Imre Mayer, Karel Fejfar ; ford. Gyula Funcík
|
| 260 |
|
|
|a Bratislava
|b Slovenské vydavateľstvo pôdohospodárskej literatúry
|c 1959
|e Košice
|f Pravda
|
| 300 |
|
|
|a 276, [4] s.
|c 8°
|
| 490 |
1 |
|
|a Učebnice
|v zv. 265
|
| 500 |
|
|
|a Ilustr. Slov.
|
| 563 |
|
|
|a 2500 výtl.
|
| 650 |
0 |
7 |
|a poľnohospodárstvo
|2 SNKPH
|9 679
|
| 650 |
0 |
7 |
|a mechanizácia poľnohospodárstva
|2 SNKPH
|9 27292
|
| 655 |
|
7 |
|a učebnice
|2 SNKPH
|9 22521
|
| 700 |
1 |
|
|a Hradil, Zdeněk
|4 aut
|9 532600
|
| 700 |
1 |
|
|a Kubále, Josef
|4 aut
|9 45073
|
| 700 |
1 |
|
|a Mayer, Imrich,
|d 1884-1961
|4 aut
|9 178861
|
| 700 |
1 |
|
|a Fejfar, Karel
|4 aut
|9 532602
|
| 700 |
1 |
|
|a Funcík, Gyula
|4 trl
|9 532691
|
| 730 |
|
|
|a Mechanisace zemědelství
|9 532692
|
| 830 |
|
0 |
|a Učebnice
|9 268183
|
| 852 |
|
|
|a Slovenská národná knižnica v Martine
|b 10000
|h SD 17751
|
| 852 |
|
|
|a Slovenská národná knižnica v Martine
|b 10000
|h SD 17751 D1
|
| 919 |
|
|
|a brož.
|
| 958 |
|
|
|a OND
|
| 958 |
|
|
|a TL
|
| 958 |
|
|
|a RK
|
| 958 |
|
|
|a OP
|
| 958 |
|
|
|a CZ
|
| 958 |
|
|
|a HU
|
| 958 |
|
|
|a UC
|
| 999 |
|
|
|c 821839
|d 823769
|
| 952 |
|
|
|a SNK
|b SNK
|y PREZ
|7 0
|p 17A0621016
|o snkSD 17751
|i snkKSP 3156/59
|0 0
|1 0
|4 0
|d 2009-07-21
|l 0
|r 2025-12-02 00:00:00
|w 2026-02-24
|